LEADER 00860nam a2200217 i 4500 001 000000197511 003 CaOOAMICUS 005 20110215000000.0 008 110215n it u000 u ita u 013 $a176198 040 $aSeMil$bita 245 10$aCelebrazione. 300 $a585 p. :$bill. 650 4$aCongressi eucaristici.$0(OLS)http://semarc/subject/6115 650 4$aReggio Calabria-Bova (Diocesi).$0(OLS)http://semarc/subject/6116 700 1 $aCongresso Eucaristico Nazionale <21. ; 1988 ; Reggio Calabria>.$0(OLS)http://semarc/name/10760 773 0 $tAtti 21. Congresso Eucaristico Nazionale.$dReggio Calabria : Laruffa, 1989.$gVol.2$w()24301 850 $aSeMil 852 $aSeMil$W1$xVenegono$y1$m3K V 300$j148070$B148070$CSeMilBibl$Z2$F159503 $81 961 $aOmaggio: Donazione 996 $6245$aCelebrazione$9(OLS)http://semarc/title/285199 LEADER 01174nam a2200241 i 4500 001 000000073730 003 CaOOAMICUS 005 20250806095939.0 008 000614n1971 gw a u000 u lat u 013 $a44902 040 $aSeMil$bita 100 1 $aAlbertus : Magnus,$c.$0(OLS)http://semarc/name/930 245 10$a5.1: De caelo et mundo /$cad fidem autographi edidit Paulus Hossfeld. 264 1$aMonasterii Westfaliorum :$bin aedibus Aschendorff,$c1971. 300 $aXXIV, 341 p., [2] c. di tav. :$bill. ;$c33 cm 700 1 $aHossfeld, Paul.$0(OLS)http://semarc/name/2586 773 0 $aAlbertus : Magnus $tSancti doctoris Ecclesiae Alberti Magni ordinis fratrum praedicatorum episcopi Opera Omnia.$dMonasterii Westfaliorum : in aedibus Aschendorff $w()1311 850 $aSeMil 852 $aSeMil$W1$xVenegono$y1$mSL1.U VII 5/1$j39882$B39882$CSeMilBibl$Z2$F39886 $8I 961 $aSottoscrizione: Casa editrice 996 $6245$a5.1: De caelo et mundo$9(OLS)http://semarc/title/119037 996 $6264$aMonasterii Westfaliorum :$bin aedibus Aschendorff$9(OLS)http://semarc/publisher/30222